La propiedad industrial al alcance de todos (Record no. 22792)

MARC details
000 -LEADER
campo de control de longitud fija 00633nam a2200169 i 4500
001 - NÚMERO DE CONTROL
campo de control 22792
003 - IDENTIFICADOR DE NÚMERO DE CONTROL
campo de control ES-MaACL
005 - FECHA Y HORA DE LA ÚLTIMA TRANSACCIÓN
campo de control 20230906152746.0
007 - CAMPO FIJO DE DESCRIPCIÓN FÍSICA--INFORMACIÓN GENERAL
campo de control de longitud fija t|
008 - DATOS DE LONGITUD FIJA--INFORMACIÓN GENERAL
campo de control de longitud fija 021204s1952 sp ||||1| spa d
100 1# - ENTRADA PRINCIPAL--NOMBRE DE PERSONA
Nombre de persona Alonso Yague, Juan José.
9 (RLIN) 20435
245 13 - MENCIÓN DEL TÍTULO
Título La propiedad industrial al alcance de todos
Resto del título : legislación nacional e internacional /
Mención de responsabilidad, etc. Juan José Alonso Yague ; [prólogo de Pedro Martínez Garcimartín].
260 ## - PUBLICACIÓN, DISTRIBUCIÓN, ETC.
Lugar de publicación, distribución, etc. Madrid :
Nombre del editor, distribuidor, etc. Victoriano Suárez,
Fecha de publicación, distribución, etc. 1952 (
Fabricante José Luis Cosano)
300 ## - DESCRIPCIÓN FÍSICA
Extensión VII, 317 p. ;
Dimensiones 19 cm.
700 1# - ENTRADA AGREGADA--NOMBRE PERSONAL
Nombre de persona Martínez Garcimartín, José Luis.
9 (RLIN) 78112
852 ## - LOCALIZACIÓN
Ubicación ES-MaACL
Número de control de estantería D-5806
Sublocalización o colección R.32533
Holdings
Estatus retirado Estado de pérdida Estado de daño No para préstamo Biblioteca de origen Biblioteca actual Ubicación en estantería Fecha de adquisición Fuente de adquisición Total de préstamos Signatura topográfica completa Código de barras Visto por última vez Precio de reemplazo Tipo de ítem Koha
        Biblioteca del Ateneo de Madrid Biblioteca del Ateneo de Madrid Sala Valle Inclán 17/01/2008     D-5806 901023470 23/02/2023 23/02/2023 Libro impreso